| 000 | 00700nam a2200241Ia 4500 | ||
|---|---|---|---|
| 005 | 20250508152638.0 | ||
| 008 | 008 250505s9999 xx 000 0 eng d | ||
| 037 | _aTextBook | ||
| 040 |
_aFEDL _beng _cFEDL |
||
| 041 |
_aeng _2eng |
||
| 084 |
_a155.4, BOS _qFEDL |
||
| 100 |
_aBossard James H S _9134529 |
||
| 245 | 0 | _aSociology of child development | |
| 250 | _a3 | ||
| 260 |
_aNew York, USA _bHarperĀ and Brothers Publisher _c1960 |
||
| 300 | _axiii,706p | ||
| 365 |
_aINR _b44.63 |
||
| 490 | _aHarper's Social Science | ||
| 650 |
_aChild Psychology; Personality _9759626 |
||
| 700 |
_a Boll Eleanor Stoker _9762045 |
||
| 942 |
_cTB _h155.4, BOS |
||
| 999 |
_c1337779 _d1337779 |
||